Business statistics /
Salvato in:
| Autore principale: | |
|---|---|
| Altri autori: | |
| Natura: | Libro |
| Pubblicazione: |
Homewood, Ill. :
R.D. Irwin,
1982.
|
| Soggetti: | |
| Tags: |
Aggiungi Tag
Nessun Tag, puoi essere il primo ad aggiungerne!!
|
MARC
| LEADER | 00000nam a2200000 a 4500 | ||
|---|---|---|---|
| 020 | |a 0256026556 |c TZS 650/= | ||
| 040 | |a MUL |b eng. |e AACR | ||
| 082 | 0 | 0 | |a 519.5 RUN |
| 100 | 1 | |a Runyon, Richard P. | |
| 245 | 1 | 0 | |a Business statistics / |c Richard P. Runyon, Audrey Haber. |
| 260 | |a Homewood, Ill. : |b R.D. Irwin, |c 1982. | ||
| 300 | |a xiv, 598 p. : |b ill. ; |c 25 cm. | ||
| 500 | |a Includes index. | ||
| 504 | |a Includes index | ||
| 546 | |a eng. | ||
| 650 | 0 | |a Commercial statistics. | |
| 700 | 1 | |a Haber, Audrey. | |
| 942 | |c BK | ||
| 999 | |c 3239 |d 3239 | ||